Christchurch Airport Destinations (Christchurch, New Zealand) - Statistics

General Stats
  • This quiz has been taken 160 times
    52 since last reset
  • The average score is 18 of 26
Answer Stats
Airline Destination % Correct
Singapore Airlines Singapore
100%
Air New Zealand/Emirates/Qantas Sydney
100%
Air New Zealand/Jetstar Wellington
100%
Air New Zealand/Jetstar Auckland
98%
Air New Zealand/Qantas Brisbane
98%
Air New Zealand/Jetstar/Qantas Melbourne
93%
Emirates Dubai (International)
86%
Cathay Pacific Hong Kong
86%
Air New Zealand/Jetstar Gold Coast
81%
United Airlines San Francisco
81%
Air New Zealand Adelaide
79%
China Southern Airlines Guangzhou
79%
Air New Zealand Dunedin
74%
Fiji Airways Nadi
71%
Air New Zealand Hamilton
67%
Air New Zealand Queenstown
67%
Air New Zealand Napier
60%
Air New Zealand Nelson
60%
Air New Zealand Invercargill
55%
Jetstar Cairns
52%
Air New Zealand New Plymouth
50%
Air New Zealand Rotorua
48%
Air New Zealand Tauranga
48%
Air Chathams Chatham Islands
45%
Air New Zealand Palmerston North
40%
Air New Zealand Hokitika
29%
No matching quizzes found
Score Distribution
Percent of People with Each Score
Percentile by Number Answered
Your Score History
You have not taken this quiz since the last reset